000 01395cam a2200409 a 4500
001 300709
005 20150427144042.0
008 851127s1985 ilu b 000 0 eng
010 _a 85001128
020 _a0226106535
020 _a0226106543 (pbk.)
035 _a(OCoLC)11841249
035 _a(OCoLC)ocm11841249
035 _a(CStRLIN)NYCG85-B111260
035 _a(NNC)300709
040 _dCStRLIN
_dNNC
050 0 _aQ175
_b.I46 1985
082 0 _a501
_219
090 _aQ175
_b.I46 1985
100 _aChurchland, Paul M. (ed.)
_917551
245 0 0 _aImages of science :
_bessays on realism and empiricism, with a reply from Bas C. van Fraassen /
_cedited by Paul M. Churchland and Clifford A. Hooker.
260 _aChicago :
_bUniversity of Chicago Press,
_cc1985.
300 _aviii, 309 p. ;
_c23 cm.
490 1 _aScience and its conceptual foundations
504 _aIncludes bibliographies.
600 1 0 _aVan Fraassen, Bas C.,
_d1941-
_913708
650 0 _aScience
_xPhilosophy.
_917552
650 0 _aRealism.
_911315
650 0 _aEmpiricism.
_92894
650 0 _aScience
_xHistory.
_917553
700 1 _aVan Fraassen, Bas C.,
_d1941-
_913708
700 1 _aChurchland, Paul M.,
_d1942-
_917554
700 1 _aHooker, C. A.
_q(Clifford Alan),
_d1942-
_917555
830 0 _aScience and its conceptual foundations.
_99999
942 _2lcc
_cMONOGRAPH
999 _c122768
_d122768